01806nam a22002057a 4500999001700000008004500017020001800062082001600080110004400096245002700140250001200167260005200179300001000231520112700241650003401368650002101402650003901423942000701462952013101469 c12287d12287221205b 2022 ||||| |||| 00| 0 eng d a9781913997076 a623.88bICS aICS (International Chamber of Shipping) aBridge procedure guide a6th ed. aLondonbInternational Chamber of Shippingc2022 a193p. ahe new ICS Bridge Procedures Guide has been written to reflect the rapid technological advances taking place in the shipping industry and to equip users to deal with the digital transformation taking place on the bridge. For over 40 years, this bestselling Guide has reflected and defined current best practice on the bridges of merchant ships operating in all sectors and trades. Now in its sixth edition, it is widely acknowledged as the leading industry guidance on safe bridge procedures and is a recommended carriage on all vessels by the International Maritime Organization (IMO). Regularly used by Masters, watchkeeping officers, shipping companies, training institutions and accident investigators worldwide, the Guide continues to be an essential tool for those in charge of a navigational watch. Thoroughly revised and updated to be relevant to today’s international shipping landscape, the new edition provides clear guidance on best practice approaches to watchkeeping that make safe and effective use of modern technology, and embrace internationally agreed standards and recommendations adopted by the IMO. aEffective bridge organisation apassage planning aDuties of the Officer of the watch cBK 00102ddc406623_880000000000000_ICS708NFIC915332aMUbMUcGENd2022-12-05o623.88 ICSpMPC6618r2025-03-17yBKzIMO SHELF